LIBRARY & INFORMATION CENTRE, KCAET, TAVANUR

ONLINE PUBLIC ACCESS CATALOGUE (OPAC)

Specification for steel door frames,IS:4351-1976 / (Record no. 4404)

MARC details
000 -LEADER
fixed length control field 00914cam a2200145ua 4500
041 ## - LANGUAGE CODE
Language code of text/sound track or separate title eng
082 ## - DEWEY DECIMAL CLASSIFICATION NUMBER
Classification number 669.14
Item number IND/SP
245 ## - TITLE STATEMENT
Title Specification for steel door frames,IS:4351-1976 /
260 ## - PUBLICATION, DISTRIBUTION, ETC. (IMPRINT)
Place of publication New Delhi :
Name of publisher Indian Standards Institution ,
Year of publication 1986.
300 ## - PHYSICAL DESCRIPTION
Number of Pages 15 ; .
942 ## - ADDED ENTRY ELEMENTS (KOHA)
Koha item type Books
Holdings
Withdrawn status Lost status Damaged status Home library Current library Date acquired Full call number Accession Number Koha item type
      KAUAET   07/04/2012 669.14 17241 Books
free website counter